Quale città italiana... - Statistics

Statistiche generali
  • Questo quiz è stato fatto 110 volte
  • Il punteggio medio è 8 su 14
Statistiche sulle risposte
Domanda Risposta % Corretto
...è considerata la culla del Rinascimento? Firenze
97%
...ha il più grande acquario d'Europa? Genova
96%
...tra queste, non è su un'isola? Barletta
93%
...è stata la prima capitale del paese? Torino
92%
...tra queste, non è capoluogo di regione? Verona
86%
... è stata nominata città dove si mangia meglio al mondo? Napoli
61%
...è la più green del paese secondo il report Ecosistema Urbano 2025? Trento
59%
...ha il museo più antico del mondo? Roma
50%
...tra queste, non affaccia sul mare? Enna
45%
...è più in alto tra le destinazioni più apprezzate secondo Travel + Leisure (undicesima nella classifica World's Best Awards 2025)? Firenze
36%
...tra queste, non è attraversata dall'Adige? Vicenza
30%
...ha più alberi (ogni 100mila abitanti in aree di proprietà pubblica, nel 2025)? Modena
21%
...ha l'orologio astronomico più grande e complesso al mondo? Messina
20%
... è inclusa nella classifica dei mercati migliori del mondo del Financial Times? Palermo e Livorno
17%
Nessun quiz corrispondente trovato
Distribuzione punteggi
Percentuale di utenti per punteggio
Percentile per numero di risposta
I tuoi punteggi nel tempo
Non hai fatto questo quiz